| 000 | 00413nam a2200145Ia 4500 | ||
|---|---|---|---|
| 008 | 230917s9999||||xx |||||||||||||| ||und|| | ||
| 040 |
_e246990 _aMAIN |
||
| 041 | _aEnglish | ||
| 082 | _a342 V439N | ||
| 100 | _aVarun Kumar | ||
| 245 | 0 | _aNuclear non-proliferation, safeguards and security: A study of contemporary issues and legislative policies of India | |
| 260 | _c2017 | ||
| 300 | _a274 p. | ||
| 942 | _cTH | ||
| 999 |
_c127768 _d127768 |
||